Fitting equations to data: computer analysis of multifactor data

שמור ב:
מידע ביבליוגרפי
Main Authors: Daniel, Cuthbert (Author), Wood, Fred S (Author)
פורמט: ספר
שפה:אנגלית
יצא לאור: Nueva York John Wiley 1980
מהדורה:2a. ed
נושאים:
תגים: הוספת תג
אין תגיות, היה/י הראשונ/ה לתייג את הרשומה!

MARC

LEADER 00000cam a2200000 a 4500
001 UCQ8563
003 CL-VaPUC
008 981210e19800000US |||||||||||||||||eng|d
082 0 4 |a 519.4  |b DAN  |2 21 
100 0 |a Daniel, Cuthbert  |e author  |9 270916 
700 0 |a Wood, Fred S  |e author  |9 422587 
245 1 0 |a Fitting equations to data: computer analysis of multifactor data 
250 |a 2a. ed 
300 |a 458 p 
942 |c BK 
945 |d 19981210 00:00:00  |a cmena 
260 |a Nueva York  |b John Wiley  |c 1980 
650 0 |a Estadística matemática  |9 260028 
650 0 |a Aplicaciones de computadores  |9 260401 
650 0 |a Matemática aplicada   |9 260236 
650 0 |a Análisis de datos  |9 269871 
650 7 |a REGRESION  |2 CL-VaPUC  |9 422588 
583 |a last modification  |c 20151021 10:38:53  |k Rodrigo Vera 
999 |c 277784  |d 277782 
952 |0 0  |1 0  |4 0  |6 519_400000000000000_DAN_1980  |7 0  |8 A  |9 315986  |a BIBMAT  |b BIBMAT  |d 2019-11-20  |i 1306936  |o 519.4 DAN 1980  |p 1306936  |r 2025-01-07  |w 2019-11-20  |y BK  |k MAT 
952 |0 0  |1 0  |3 erd  |4 0  |6 519_400000000000000_DAN_1980  |7 0  |8 A  |9 315987  |a BIBGIM  |b BIBGIM  |i 5207088  |o 519.4 DAN 1980  |p 5207088  |r 2025-01-15  |w 2019-11-20  |y BK  |z Catalogado en:20151022  |k EST